Największe miasta w każdym województwie - Statystyki

Ogólne statystyki
  • Ten quiz został rozwiązany 81 razy
  • Średni wynik to 15 z 16
Statystyki odpowiedzi
Odpowiedź % Poprawnych
lubelskie Lublin
100%
pomorskie Gdańsk
99%
łódzkie Łódź
99%
opolskie Opole
99%
mazowieckie Warszawa
99%
dolnośląskie Wrocław
99%
małopolskie Kraków
96%
śląskie Katowice
95%
zachodniopomorskie Szczecin
93%
wielkopolskie Poznań
92%
podlaskie Białystok
91%
kujawsko-pomorskie Bydgoszcz
89%
świętokrzyskie Kielce
85%
podkarpackie Rzeszów
85%
warmińsko-mazurskie Olsztyn
80%
lubuskie Zielona Góra
80%
Nie znaleziono quizów pasujących do podanych kryteriów
Rozkład punktacji
Procent ludzi z każdym wynikiem
Percentyl według liczby udzielonych odpowiedzi
Twoja historia wyników
Nie rozwiązałeś tego quizu